Les 20 plus grandes aires urbaines de Nouvelle-Aquitaine - Statistiques

Statistiques générales
  • Ce quiz a été pris 133 fois
  • Le résultat moyen est 17 sur 20
Statistiques - réponses
Département Population Aire urbaine % Correct
Gironde 1 008 509 Bordeaux
100%
Charente-Maritime 138 236 La Rochelle
98%
Pyrénées-Atlantiques 204 037 Pau
98%
Pyrénées-Atlantiques 263 704 Bayonne
95%
Vienne 134 397 Poitiers
95%
Landes 40 545 Mont-de-Marsan
92%
Haute-Vienne 185 703 Limoges
91%
Deux-Sèvres 121 642 Niort
91%
Dordogne 65 333 Périgueux
88%
Charente 109 055 Angoulême
87%
Lot-et-Garonne 80 711 Agen
86%
Gironde 69 218 Arcachon
85%
Corrèze 76 144 Brive-la-Gaillarde
82%
Dordogne 64 204 Bergerac
80%
Landes 52 496 Dax
78%
Charente-Maritime 38 009 Rochefort
74%
Gironde 36 631 Libourne
69%
Charente-Maritime 40 122 Royan
69%
Vienne 40 721 Châtellerault
63%
Lot-et-Garonne 48 432 Villeneuve-sur-Lot
57%
Aucun quiz correspondant
Distribution des résultats
% des personnes avec chaque résultat
Percentile par nombre de réponses
Votre historique - résultats
Vous n’avez pas pris ce quiz